[Event "SVK Amateur-ch 2020"]
[Site "Topolcany"]
[Date "2020.07.10"]
[Round "2.4"]
[White "Pokrupa, Marek"]
[Black "Meers, Hubert"]
[Result "0-1"]
[WhiteElo "2187"]
[BlackElo "2037"]
[Annotator "TA"]
[PlyCount "66"]
[EventDate "2020.07.10"]
[EventType "swiss"]
[EventCountry "SVK"]
[SourceTitle "playchess.com"]
[Source "ChessBase"]
[SourceQuality "1"]

{[%evp 20,66,-6,-37,-25,-29,2,-22,-14,-25,-8,-12,-6,-14,-10,-35,0,0,7,0,-6,-8,-26,-58,-66,-100,-94,-79,-85,-137,-156,-267,-265,-295,-295,-325,-305,-593,-588,-595,-595,-613,-541,-968,-961,-1467,-1460,-1381,-1355]} 1. c4 g6 2. g3 Bg7 3. Bg2 Nf6 4. Nc3 O-O 5. e4 d6 6. Nge2 c5 7. O-O Nc6 8. d3 Nd4 9. Nxd4 cxd4 10. Ne2 Nd7 11. Rb1 a5 {A36: Symmetrical English vs ...g6: 4 Bg2 Bg7.} 12. b3 {[#]} Qc7 $146 ({Predecessor:} 12... Rb8 13. f4 f5 14. exf5 gxf5 15. Bb2 b5 16. Qc2 Qb6 17. cxb5 Nc5 18. a4 Be6 19. Ba3 {1-0 (39) Ivanov,S (2359)-Op den Kelder,J (2293) Jyvaskyla 2009}) 13. Nf4 e6 {The position is equal.} 14. h4 b6 15. h5 Bb7 16. hxg6 hxg6 17. Qg4 Ne5 18. Qe2 a4 19. b4 b5 20. cxb5 Qb6 21. Bb2 a3 22. Bc1 Qxb5 23. Rb3 Rfc8 $36 {[%mdl 2048] Black is on the roll.} 24. Bxa3 ({White should play} 24. Qd1) 24... Rc3 $17 25. Rxc3 (25. Bb2 $17 Rxb3 26. axb3) 25... dxc3 $19 26. Bc1 Qxb4 27. Rd1 Bc6 28. d4 $2 {[#]} (28. a3 {was necessary.} Qb3 29. Re1) 28... Bb5 {Black is clearly winning.} 29. Qe1 c2 30. Rd2 Nc4 31. e5 Nxd2 {[%mdl 64] [#] Discovered Attack} 32. Bxd2 Qb1 {aiming for ...Qxe1+.} 33. Bxa8 Qxe1+ {Accuracy: White = 49%, Black = 89%.} 0-1

[Event "SVK Amateur-ch 2020"]
[Site "Topolcany"]
[Date "2020.07.10"]
[Round "2.4"]
[White "Voros Gellert"]
[Black "Majzlan, Blazej"]
[Result "1-0"]
[WhiteElo "2182"]
[BlackElo "1647"]
[Annotator "RC"]
[PlyCount "71"]
[EventDate "2020.07.10"]
[EventType "swiss"]
[EventCountry "SVK"]
[SourceTitle "playchess.com"]
[Source "ChessBase"]
[SourceQuality "1"]
[TimeControl "3600+30"]

1. e4 {[%emt 0:00:00]} c5 {[%emt 0:00:00]} 2. c3 {[%emt 0:00:00]} d5 {[%emt 0:00:00]} 3. exd5 {[%emt 0:00:00]} Qxd5 {[%emt 0:00:00]} 4. d4 {[%emt 0:00:00]} e6 {[%emt 0:01:32]} 5. Nf3 {[%emt 0:00:02]} Nf6 {[%emt 0:00:22]} 6. Bd3 {[%emt 0:00:36]} Nc6 {[%emt 0:02:37]} 7. O-O {[%emt 0:01:30]} Be7 {[%emt 0:02:35]} 8. Be3 {[%emt 0:00:28]} c4 {[%emt 0:05:09]} 9. Be2 {[%emt 0:01:41]} O-O {[%emt 0:03:48]} 10. Nbd2 {[%emt 0:00:31]} Na5 {[%emt 0:09:36]} 11. Ne5 {[%emt 0:00:38]} Nc6 {[%emt 0:10:41]} 12. Ndxc4 {[%emt 0:05:13]} Nxe5 {[%emt 0:09:29]} 13. Nxe5 {[%emt 0:00:21]} Qa5 {[%emt 0:00:34]} 14. Bf3 {[%emt 0:01:32]} Nd5 {[%emt 0:01:28]} 15. Bd2 {[%emt 0:00:30]} Qd8 {[%emt 0:01:30]} 16. c4 {[%emt 0:01:05]} Nf6 {[%emt 0:02:17]} 17. Bc3 {[%emt 0:00:54]} Rb8 {[%emt 0:03:07]} 18. b4 {[%emt 0:00:45]} Nd7 {[%emt 0:00:28]} 19. Nd3 {[%emt 0:02:29]} Qc7 {[%emt 0:00:58]} 20. c5 {[%emt 0:01:39]} Nf6 {[%emt 0:01:39]} 21. b5 {[%emt 0:01:39]} Nd5 {[%emt 0:00:57]} 22. Bxd5 {[%emt 0:00:41]} exd5 {[%emt 0:00:01]} 23. Bd2 {[%emt 0:00:29]} Bd7 {[%emt 0:04:16]} 24. Bf4 {[%emt 0:00:19]} Qa5 {[%emt 0:00:31]} 25. Bxb8 {[%emt 0:00:37]} Rxb8 {[%emt 0:00:00]} 26. a4 {[%emt 0:00:29]} Bf6 {[%emt 0:00:00]} 27. Ne5 {[%emt 0:01:09]} Bxe5 {[%emt 0:00:54]} 28. dxe5 {[%emt 0:00:08]} Be6 {[%emt 0:02:21]} 29. Qd4 {[%emt 0:01:54]} Qd8 {[%emt 0:01:43]} 30. a5 {[%emt 0:01:06]} h5 {[%emt 0:00:10]} 31. Rfe1 {[%emt 0:00:00]} Qe8 {[%emt 0:00:26]} 32. c6 {[%emt 0:00:00]} bxc6 {[%emt 0:06:51]} 33. bxc6 {[%emt 0:48:05]} Qe7 {[%emt 0:00:30]} 34. c7 {[%emt 0:00:30]} Qb4 {[%emt 0:00:30]} 35. c8=Q+ {[%emt 0:00:30]} Bxc8 {[%emt 0:00:30]} 36. Rec1 {[%emt 0:00:30]} 1-0

[Event "SVK Amateur-ch 2020"]
[Site "Topolcany"]
[Date "2020.07.10"]
[Round "2.5"]
[White "Podoba, Milan"]
[Black "Takacs, Laszlo"]
[Result "0-1"]
[WhiteElo "2023"]
[BlackElo "2187"]
[Annotator "RC"]
[PlyCount "96"]
[EventDate "2020.07.10"]
[EventType "swiss"]
[EventCountry "SVK"]
[SourceTitle "playchess.com"]
[Source "ChessBase"]
[SourceQuality "1"]
[TimeControl "3600+30"]

1. e4 {[%emt 0:00:00]} c5 {[%emt 0:00:00]} 2. c3 {[%emt 0:00:00]} d5 {[%emt 0:00:00]} 3. exd5 {[%emt 0:00:00]} Qxd5 {[%emt 0:00:00]} 4. d4 {[%emt 0:00:23]} Bf5 {[%emt 0:00:05]} 5. Nf3 {[%emt 0:00:42]} e6 {[%emt 0:00:07]} 6. Be2 {[%emt 0:00:47]} Nf6 {[%emt 0:00:14]} 7. O-O {[%emt 0:01:49]} Be7 {[%emt 0:01:27]} 8. dxc5 {[%emt 0:05:35]} Qxd1 {[%emt 0:02:25]} 9. Rxd1 {[%emt 0:00:16]} Bxc5 {[%emt 0:01:16]} 10. Nd4 {[%emt 0:07:05]} O-O {[%emt 0:03:40]} 11. Be3 {[%emt 0:05:00]} Bg4 {[%emt 0:07:08]} 12. f3 {[%emt 0:06:32]} Bh5 {[%emt 0:02:52]} 13. Nd2 {[%emt 0:01:21]} Nc6 {[%emt 0:02:12]} 14. N2b3 {[%emt 0:01:40]} Bb6 {[%emt 0:00:19]} 15. Bf2 {[%emt 0:02:47]} Nxd4 {[%emt 0:05:01]} 16. Bxd4 {[%emt 0:00:53]} Bxd4+ {[%emt 0:00:12]} 17. Rxd4 {[%emt 0:01:04]} e5 {[%emt 0:00:45]} 18. Rd2 {[%emt 0:03:03]} Rac8 {[%emt 0:10:02]} 19. Rad1 {[%emt 0:02:27]} a6 {[%emt 0:02:55]} 20. Kf1 {[%emt 0:01:14]} Rfe8 {[%emt 0:00:42]} 21. Na5 {[%emt 0:01:55]} Rc7 {[%emt 0:00:58]} 22. Rd8 {[%emt 0:01:11]} Kf8 {[%emt 0:00:52]} 23. Rxe8+ {[%emt 0:05:58]} Kxe8 {[%emt 0:00:46]} 24. Nc4 {[%emt 0:00:43]} Re7 {[%emt 0:04:23]} 25. Nd6+ {[%emt 0:03:20]} Kf8 {[%emt 0:00:05]} 26. Nc8 {[%emt 0:01:55]} Rd7 {[%emt 0:03:48]} 27. Rxd7 {[%emt 0:01:23]} Nxd7 {[%emt 0:00:05]} 28. Nd6 {[%emt 0:00:40]} b5 {[%emt 0:00:14]} 29. a4 {[%emt 0:02:27]} bxa4 {[%emt 0:01:08]} 30. Bxa6 {[%emt 0:00:09]} Nc5 {[%emt 0:00:58]} 31. Bb5 {[%emt 0:00:54]} Bg6 {[%emt 0:00:24]} 32. Ne4 {[%emt 0:03:20]} Bxe4 {[%emt 0:02:27]} 33. fxe4 {[%emt 0:00:04]} h5 {[%emt 0:04:24]} 34. Ke2 {[%emt 0:00:24]} g6 {[%emt 0:00:25]} 35. Bc6 {[%emt 0:01:05]} Ke7 {[%emt 0:00:25]} 36. Ke3 {[%emt 0:00:38]} f5 {[%emt 0:00:43]} 37. g3 {[%emt 0:02:19]} Kf6 {[%emt 0:01:58]} 38. h4 {[%emt 0:01:54]} f4+ {[%emt 0:02:16]} 39. gxf4 {[%emt 0:00:39]} exf4+ {[%emt 0:00:06]} 40. Kd4 {[%emt 0:03:15]} Ne6+ {[%emt 0:02:34]} 41. Kd3 {[%emt 0:00:34]} Ke5 {[%emt 0:00:51]} 42. Be8 {[%emt 0:01:17]} g5 {[%emt 0:04:19]} 43. hxg5 {[%emt 0:00:05]} h4 {[%emt 0:00:09]} 44. Ke2 {[%emt 0:01:36]} Nxg5 {[%emt 0:00:39]} 45. Bxa4 {[%emt 0:00:25]} f3+ {[%emt 0:00:19]} 46. Kf2 {[%emt 0:00:34]} Kf4 {[%emt 0:00:36]} 47. Bd7 {[%emt 0:01:16]} Nxe4+ {[%emt 0:00:29]} 48. Kf1 {[%emt 0:00:35]} Ke5 0-1

[Event "SVK Amateur-ch 2020"]
[Site "Topolcany"]
[Date "2020.07.10"]
[Round "2.5"]
[White "Panda Gyorgy"]
[Black "Pejko Otomar"]
[Result "1/2-1/2"]
[WhiteElo "1773"]
[BlackElo "2138"]
[Annotator "ChessBase"]
[PlyCount "55"]
[EventDate "2020.07.10"]
[EventType "swiss"]
[EventCountry "SVK"]
[SourceTitle "playchess.com"]
[Source "ChessBase"]
[SourceQuality "1"]
[TimeControl "3600+30"]

1. d4 {[%emt 0:00:00]} Nf6 {[%emt 0:00:00]} 2. c4 {[%emt 0:00:00]} e5 {[%emt 0:00:00]} 3. dxe5 {[%emt 0:00:11]} Ng4 {[%emt 0:00:00]} 4. e3 {[%emt 0:00:33]} Nxe5 {[%emt 0:00:00]} 5. Nf3 {[%emt 0:01:48]} Nbc6 {[%emt 0:00:56]} 6. a3 {[%emt 0:00:26]} Be7 {[%emt 0:01:33]} 7. Be2 {[%emt 0:00:19]} d6 {[%emt 0:02:05]} 8. O-O {[%emt 0:00:26]} Be6 {[%emt 0:01:22]} 9. Qc2 {[%emt 0:01:04]} O-O {[%emt 0:03:47]} 10. b4 {[%emt 0:01:44]} Nxf3+ {[%emt 0:01:09]} 11. Bxf3 {[%emt 0:00:14]} Bf6 {[%emt 0:00:22]} 12. Ra2 {[%emt 0:00:56]} Qc8 {[%emt 0:01:46]} 13. Nd2 {[%emt 0:01:17]} a5 {[%emt 0:09:35]} 14. b5 {[%emt 0:03:04]} Ne5 {[%emt 0:00:02]} 15. Be2 {[%emt 0:00:00]} Nd7 {[%emt 0:02:37]} 16. Ne4 {[%emt 0:01:25]} Be7 {[%emt 0:00:10]} 17. Bb2 {[%emt 0:03:56]} f5 {[%emt 0:03:19]} 18. Ng3 {[%emt 0:10:16]} g6 {[%emt 0:12:07]} 19. Bd4 {[%emt 0:01:29]} Bf6 {[%emt 0:05:29]} 20. Rb2 {[%emt 0:01:47]} b6 {[%emt 0:07:49]} 21. Bf3 {[%emt 0:02:04]} Rb8 {[%emt 0:00:31]} 22. Ne2 {[%emt 0:00:43]} Be5 {[%emt 0:09:29]} 23. Nf4 {[%emt 0:02:37]} Bf7 {[%emt 0:01:51]} 24. Nd5 {[%emt 0:00:38]} Bxd5 {[%emt 0:00:58]} 25. Bxd5+ {[%emt 0:00:33]} Kg7 {[%emt 0:00:03]} 26. Qc3 {[%emt 0:01:23]} Bxd4 {[%emt 0:02:06]} 27. Qxd4+ {[%emt 0:00:16]} Nf6 {[%emt 0:00:06]} 28. Bc6 {[%emt 0:07:14]} 1/2-1/2

[Event "SVK Amateur-ch 2020"]
[Site "Topolcany"]
[Date "2020.07.10"]
[Round "2.6"]
[White "Giertli, Vladimir"]
[Black "Iolis, Oleg"]
[Result "0-1"]
[WhiteElo "2034"]
[BlackElo "2166"]
[Annotator "TA"]
[PlyCount "136"]
[EventDate "2020.07.10"]
[EventType "swiss"]
[EventCountry "SVK"]
[SourceTitle "playchess.com"]
[Source "ChessBase"]
[SourceQuality "1"]

{[%evp 16,136,13,25,8,-12,14,-24,0,-23,-14,-18,-22,-45,-52,-65,-72,-56,-26,-33,12,-50,-28,-56,-52,-87,-81,-70,27,33,38,-6,-12,-57,-30,-65,-25,-30,0,-3,0,0,0,0,29,29,29,29,29,29,31,1,8,-110,-106,-95,-106,-130,-120,-199,-199,-282,-274,-268,-254,-268,-261,-291,-301,-291,-283,-270,-255,-250,-246,-472,-451,-453,-389,-550,-545,-622,-616,-1098,-1010,-908,-456,-389,-386,-370,-298,-887,-1000,-845,-977,-936,-922,-5310,-4888,-29968,-5106,-29968,-29970,-2693,-1177,-1197,-812,-29971,-29973,-29972,-29970,-29974,-29965,-7608,-5808,-29974,-29975,-29977,-29976,-29977,-29978,-29977,-29976]} 1. Nf3 Nf6 2. g3 g6 3. b3 Bg7 4. Bb2 d5 5. Bg2 O-O 6. O-O c5 7. c4 dxc4 8. bxc4 Nc6 9. d3 Re8 {A05: Réti Opening: 1 Nf3 Nf6.} 10. Nbd2 e5 {[#]} 11. Nb3 $146 ({Predecessor:} 11. Ng5 Nd7 12. Nge4 Qc7 13. Nc3 Nf6 14. Nd5 Qd8 15. Rb1 Bd7 16. Ne4 Nxe4 17. dxe4 {1-0 (28) Jovanovic,S (2285)-Mikicic,D (2174) Belgrade 2012}) 11... Qe7 {Black has an edge.} 12. Ba3 Nb4 13. Nfd2 Bf5 14. Qb1 a5 {[%cal Ba7a5,Ba5a4][%mdl 32]} 15. Bb2 a4 $36 {[%mdl 2048] White is under strong pressure.} 16. a3 Nc6 ({Much weaker is} 16... axb3 17. axb4 cxb4 18. Nxb3 $11) (16... Nxd3 $5 17. exd3 axb3 18. Nxb3 Rad8 $17) 17. Nc1 Rad8 18. e4 ({White should play} 18. Ra2 $1 $11) 18... Bc8 19. Rd1 Bh6 20. Nf1 Nd4 21. Ne3 Bg4 ({Black should try} 21... Bd7 $15) 22. Nxg4 $11 Nxg4 23. h3 (23. Bxd4 $5 exd4 24. Qc2 $11) 23... Nf6 24. Kh2 (24. Bxd4 $5 cxd4 25. Na2 $11) 24... Bxc1 25. Bxc1 Nb3 (25... Rb8 {looks sharper.} 26. Be3 b5 27. cxb5 Rxb5 28. Qc1 Nd7) 26. Ra2 Nxc1 (26... Nh5 {with more complications.} 27. Qb2 Rd7 28. Be3 Qd8 29. Qe2 Ng7) 27. Rxc1 Rd7 28. Rb2 Red8 29. Bf1 Ne8 30. Qc2 Ra8 31. Rcb1 Ng7 32. Qc3 Ra7 33. Be2 h5 34. g4 (34. h4 $11 {keeps the balance.}) 34... h4 {White is on the road to losing.} 35. Rb6 Qg5 36. R1b5 Ne6 $1 37. Rxe6 (37. Bf1 $17 {keeps fighting.}) 37... fxe6 $19 38. Rxc5 (38. Rb1 $142) 38... Qf4+ {[%mdl 64] Double Attack} 39. Kg2 Rf7 40. Qe1 {[#]} Ra8 $1 41. f3 g5 42. Qf2 Kg7 43. Rb5 Kf6 44. Rb1 Qd2 45. Rd1 $2 (45. Bf1 {is a better defense.} Qf4 46. Be2) 45... Qb2 46. d4 exd4 47. Rxd4 (47. Qxd4+ $142 Qxd4 48. Rxd4) 47... Qxa3 48. Rd3 Qb2 49. f4 Kg7 50. f5 Qe5 {And now ...a3 would win.} 51. Qe3 {[#]} Qg3+ $1 52. Qxg3 hxg3 53. Kxg3 $2 {[%mdl 4096] Endgame KRR-KRB} (53. Ra3) 53... a3 54. Rd1 a2 55. Ra1 Kf6 56. fxe6 Kxe6 57. c5 Ke5 (57... Ra3+ $142 58. Kg2 Ke5 59. h4 Rd7 60. Kg1 Rd2 61. Bd1 gxh4 62. g5 Rb2 63. g6 h3 64. g7 Rg3+ {[%mdl 64] Double Attack} 65. Kh1 h2 66. Be2 Rxe2 67. g8=Q Rxg8 68. Rf1 {[#]} Rg1+ $1 {[%mdl 576] Decoy, Back Rank, Promotion} 69. Rxg1 hxg1=Q+ {[%mdl 64] Back Rank, Promotion} 70. Kxg1 a1=Q#) 58. Bc4 Ra3+ 59. Kg2 Rd7 (59... Rc7 $142 60. Rxa2 Rxa2+ 61. Bxa2 Kxe4) 60. Bd5 Rc7 61. Rxa2 Rxa2+ 62. Bxa2 Kxe4 {KR-KB} 63. h4 Rxc5 64. Bb1+ Kf4 65. hxg5 Rxg5 {Black mates.} 66. Bf5 Rg7 67. Kf2 Re7 68. Kf1 b5 {Accuracy: White = 45%, Black = 72%.} 0-1

[Event "SVK Amateur-ch 2020"]
[Site "Topolcany"]
[Date "2020.07.10"]
[Round "2.6"]
[White "Szabo Ervin"]
[Black "Sarkozi Szabolcs"]
[Result "0-1"]
[WhiteElo "1809"]
[BlackElo "2123"]
[Annotator "ChessBase"]
[PlyCount "57"]
[EventDate "2020.07.10"]
[EventType "swiss"]
[EventCountry "SVK"]
[SourceTitle "playchess.com"]
[Source "ChessBase"]
[SourceQuality "1"]
[TimeControl "3600+30"]

1. d4 {[%emt 0:00:00]} f5 {[%emt 0:00:00]} 2. e4 {[%emt 0:00:00]} fxe4 {[%emt 0:00:00]} 3. Nc3 {[%emt 0:00:00]} Nf6 {[%emt 0:00:00]} 4. Bg5 {[%emt 0:00:06]} Nc6 {[%emt 0:00:00]} 5. Bxf6 {[%emt 0:12:29]} exf6 {[%emt 0:00:04]} 6. d5 {[%emt 0:02:27]} Ne5 {[%emt 0:01:11]} 7. Nxe4 {[%emt 0:02:01]} f5 {[%emt 0:01:51]} 8. Nc3 {[%emt 0:05:06]} d6 {[%emt 0:02:23]} 9. Qd4 {[%emt 0:09:19]} Be7 {[%emt 0:00:44]} 10. O-O-O {[%emt 0:13:43]} O-O {[%emt 0:00:42]} 11. Kb1 {[%emt 0:06:46]} Bf6 {[%emt 0:00:28]} 12. Qd2 {[%emt 0:02:01]} Bd7 {[%emt 0:00:55]} 13. f4 {[%emt 0:00:34]} Ng4 {[%emt 0:01:02]} 14. Nh3 {[%emt 0:01:21]} Re8 {[%emt 0:02:12]} 15. Bd3 {[%emt 0:05:32]} b5 {[%emt 0:01:20]} 16. Rde1 {[%emt 0:02:14]} b4 {[%emt 0:01:37]} 17. Nd1 {[%emt 0:00:10]} a5 {[%emt 0:00:38]} 18. Nhf2 {[%emt 0:00:41]} Nxf2 {[%emt 0:00:53]} 19. Qxf2 {[%emt 0:00:40]} a4 {[%emt 0:00:42]} 20. Re2 {[%emt 0:00:32]} Rxe2 {[%emt 0:03:57]} 21. Qxe2 {[%emt 0:00:18]} Qb8 {[%emt 0:01:32]} 22. Re1 {[%emt 0:00:53]} b3 {[%emt 0:02:29]} 23. a3 {[%emt 0:01:04]} bxc2+ {[%emt 0:00:50]} 24. Qxc2 {[%emt 0:00:03]} Qb6 {[%emt 0:15:49]} 25. Bxf5 {[%emt 0:00:42]} Bxf5 {[%emt 0:00:15]} 26. Qxf5 {[%emt 0:00:02]} Rb8 {[%emt 0:00:10]} 27. Qe6+ {[%emt 0:00:23]} Kf8 {[%emt 0:00:51]} 28. Qe3 {[%emt 0:00:31]} Qb5 {[%emt 0:01:28]} 29. Nc3 {[%emt 0:00:24]} 0-1

[Event "SVK Amateur-ch 2020"]
[Site "Topolcany"]
[Date "2020.07.10"]
[Round "2.7"]
[White "Bango, Lukas"]
[Black "Dziewonski, Dariusz"]
[Result "0-1"]
[WhiteElo "2153"]
[BlackElo "2029"]
[Annotator "ChessBase"]
[PlyCount "118"]
[EventDate "2020.07.10"]
[EventType "swiss"]
[EventCountry "SVK"]
[SourceTitle "playchess.com"]
[Source "ChessBase"]
[SourceQuality "1"]
[TimeControl "3600+30"]

1. Nf3 {[%emt 0:00:00]} e6 {[%emt 0:00:00]} 2. g3 {[%emt 0:00:00]} d5 {[%emt 0:00:07]} 3. Bg2 {[%emt 0:00:00]} Nf6 {[%emt 0:00:08]} 4. O-O {[%emt 0:00:18]} Be7 {[%emt 0:00:14]} 5. d3 {[%emt 0:00:17]} O-O {[%emt 0:00:31]} 6. Nbd2 {[%emt 0:00:10]} b6 {[%emt 0:01:03]} 7. b3 {[%emt 0:00:39]} Bb7 {[%emt 0:00:33]} 8. Bb2 {[%emt 0:00:05]} Nbd7 {[%emt 0:00:46]} 9. c4 {[%emt 0:00:49]} c5 {[%emt 0:03:35]} 10. e3 {[%emt 0:02:35]} Rc8 {[%emt 0:02:41]} 11. Rc1 {[%emt 0:01:34]} h6 {[%emt 0:01:41]} 12. Rc2 {[%emt 0:01:33]} Re8 {[%emt 0:05:20]} 13. Qa1 {[%emt 0:02:25]} Bd6 {[%emt 0:07:17]} 14. Rfc1 {[%emt 0:05:13]} e5 {[%emt 0:03:14]} 15. cxd5 {[%emt 0:01:47]} Bxd5 {[%emt 0:05:56]} 16. Nc4 {[%emt 0:01:43]} Qe7 {[%emt 0:03:11]} 17. Rd2 {[%emt 0:12:13]} Bb8 {[%emt 0:04:49]} 18. d4 {[%emt 0:03:05]} cxd4 {[%emt 0:03:05]} 19. exd4 {[%emt 0:01:15]} Bxf3 {[%emt 0:12:20]} 20. Bxf3 {[%emt 0:00:26]} exd4 {[%emt 0:01:32]} 21. Bxd4 {[%emt 0:02:10]} Ne5 {[%emt 0:03:10]} 22. Nxe5 {[%emt 0:10:15]} Rxc1+ {[%emt 0:00:17]} 23. Qxc1 {[%emt 0:00:03]} Bxe5 {[%emt 0:00:06]} 24. Be3 {[%emt 0:00:57]} Rd8 {[%emt 0:02:27]} 25. Rxd8+ {[%emt 0:01:08]} Qxd8 {[%emt 0:00:05]} 26. Qc4 {[%emt 0:00:06]} Qc7 {[%emt 0:01:39]} 27. Qb5 {[%emt 0:01:40]} Bd6 {[%emt 0:02:20]} 28. Qf5 {[%emt 0:00:04]} Qd7 {[%emt 0:01:27]} 29. Qc2 {[%emt 0:02:17]} Qc7 {[%emt 0:00:22]} 30. Qb2 {[%emt 0:00:10]} Be5 {[%emt 0:00:30]} 31. Qe2 {[%emt 0:00:42]} Qc3 {[%emt 0:01:07]} 32. Qa6 {[%emt 0:01:23]} Qc7 {[%emt 0:00:21]} 33. Kg2 {[%emt 0:00:26]} Qb8 {[%emt 0:01:36]} 34. a4 {[%emt 0:02:07]} Qc7 {[%emt 0:00:53]} 35. Qb5 {[%emt 0:04:45]} Bd6 {[%emt 0:00:52]} 36. Bd4 {[%emt 0:00:26]} Bc5 {[%emt 0:00:53]} 37. Bxc5 {[%emt 0:05:10]} Qxc5 {[%emt 0:00:18]} 38. Qxc5 {[%emt 0:00:04]} bxc5 {[%emt 0:00:04]} 39. Kf1 {[%emt 0:00:20]} Kf8 {[%emt 0:01:02]} 40. Ke2 {[%emt 0:00:06]} Nd7 {[%emt 0:01:44]} 41. Bc6 {[%emt 0:04:15]} Ke7 {[%emt 0:00:08]} 42. Bxd7 {[%emt 0:01:57]} Kxd7 {[%emt 0:00:06]} 43. Kd3 {[%emt 0:00:01]} Kc6 {[%emt 0:00:32]} 44. Ke4 {[%emt 0:01:03]} Kd6 {[%emt 0:00:17]} 45. h4 {[%emt 0:02:00]} g6 {[%emt 0:00:56]} 46. h5 {[%emt 0:00:55]} Ke6 {[%emt 0:01:06]} 47. g4 {[%emt 0:01:19]} gxh5 {[%emt 0:00:14]} 48. gxh5 {[%emt 0:00:03]} f5+ {[%emt 0:00:25]} 49. Ke3 {[%emt 0:00:31]} Ke5 {[%emt 0:00:21]} 50. f4+ {[%emt 0:00:20]} Kd6 {[%emt 0:00:43]} 51. Kd2 {[%emt 0:00:41]} Kd5 {[%emt 0:00:17]} 52. Kd3 {[%emt 0:00:04]} a5 {[%emt 0:00:48]} 53. Ke3 {[%emt 0:02:19]} c4 {[%emt 0:00:22]} 54. bxc4+ {[%emt 0:00:12]} Kxc4 {[%emt 0:00:05]} 55. Kd2 {[%emt 0:00:02]} Kd4 {[%emt 0:00:07]} 56. Ke2 {[%emt 0:00:03]} Ke4 {[%emt 0:00:06]} 57. Kf2 {[%emt 0:00:07]} Kxf4 {[%emt 0:00:05]} 58. Kg2 {[%emt 0:00:02]} Kg5 {[%emt 0:00:06]} 59. Kg3 {[%emt 0:00:04]} Kxh5 {[%emt 0:00:08]} 0-1

[Event "SVK Amateur-ch 2020"]
[Site "Topolcany"]
[Date "2020.07.10"]
[Round "2.7"]
[White "Trasakova Adela"]
[Black "Kapusta Petr"]
[Result "0-1"]
[WhiteElo "1660"]
[BlackElo "2120"]
[Annotator "TA"]
[PlyCount "144"]
[EventDate "2020.07.10"]
[EventType "swiss"]
[EventCountry "SVK"]
[SourceTitle "playchess.com"]
[Source "ChessBase"]
[SourceQuality "1"]

{[%evp 10,144,8,3,40,19,30,26,34,14,14,14,14,14,27,14,14,-12,-25,-24,0,-55,0,0,0,0,0,0,16,0,0,0,0,0,0,-2,0,-22,-7,-14,-11,-11,-14,-25,-12,-13,-12,-13,-16,-21,-8,-52,-52,-59,-12,-19,-23,-35,-5,-12,-7,-84,-91,-350,-347,-346,-359,-349,-326,-322,-200,-238,-237,-306,-279,-339,-384,-384,-181,-307,-244,-390,-377,-417,-395,-501,-299,-274,-248,-394,-390,-368,-364,-348,-307,-630,0,0,0,0,0,0,0,0,0,0,0,0,0,0,0,0,0,0,0,0,0,0,0,0,0,0,0,0,0,0,0,0,0,0,0,0,0,-27998,-27998,-27999,-27999]} 1. d4 Nf6 2. Nf3 g6 3. Bf4 Bg7 4. Nbd2 O-O 5. e4 d6 6. c3 c6 {A48: 1 d4 Nf6 2 Nf3 g6: Torre, London and Colle Systems.} 7. Bc4 Nxe4 {[%mdl 64] Remove Defender, Decoy} 8. Nxe4 {Threatens to win with Bb3.} d5 {White has an edge.} 9. Bd3 {Black must now prevent Nc5.} dxe4 10. Bxe4 Nd7 11. O-O c5 {[#]} 12. dxc5 $146 ({Predecessor:} 12. d5 Nf6 13. Re1 b6 14. Ne5 Nxe4 15. Rxe4 e6 16. dxe6 Qxd1+ 17. Rxd1 {½-½ (16) Jovanovic,Z (2511)-Kovacevic,B (2475) Bjelovar 2019}) 12... Nxc5 13. Qxd8 (13. Bc2 {seems wilder.} Bg4 14. Be3 b6 15. Qe2 Qd5 16. Rfd1) 13... Rxd8 14. Bc2 Bg4 15. Ne5 (15. Rfd1 $11) 15... Be2 ({Better is} 15... Bxe5 $15 16. Bxe5 Rd2) 16. Rfe1 $11 Bxe5 17. Bxe5 Rd2 18. Rac1 Ne6 19. c4 Bxc4 {[#]} 20. Bxg6 $1 {[%mdl 512]} hxg6 (20... fxg6 21. Rxc4) 21. Rxc4 Rad8 22. h3 (22. Kf1 {looks sharper.} f6 23. Bc3 Rd1 24. Rxd1 Rxd1+ 25. Ke2) 22... g5 23. g4 Rd1 24. Rxd1 Rxd1+ {[%mdl 4096] Endgame KRB-KRN} 25. Kg2 f6 26. Bg3 Rd2 27. Rb4 b6 28. Bb8 Rd7 29. Bg3 Nc5 30. a3 Kf7 31. Rc4 Rd2 32. b4 $1 {[%cal Rb4c5]} Ne6 33. Rc3 Rd7 34. Bb8 Nd4 35. Rd3 (35. a4 $11 {keeps the balance.}) 35... e5 $17 36. a4 $2 {[%mdl 8192]} (36. Rc3 $17) 36... Rb7 $1 $19 37. Bd6 Ke6 38. Bf8 Rb8 39. Bh6 Kf7 40. h4 {[#]} Kg6 $1 {[%cal Rg6h6]} ({Less strong is} 40... gxh4 41. Be3 $17) 41. hxg5 fxg5 42. f4 Kxh6 43. fxe5 {KRN-KR} Ne6 (43... Rd8 $142 {aiming for ...Kg6.} 44. Rc3 Kg6) 44. Rd7 (44. Rd6 $142 Re8 45. Kf3) 44... Nf4+ 45. Kf3 (45. Kf2 {is a better defense.}) 45... Ng6 46. Ke4 Re8 47. Rd5 Kg7 48. a5 bxa5 49. Rxa5 (49. bxa5 $142 Kf7 50. Rb5) 49... Re7 50. Kf5 Kh6 51. Kf6 Rb7 52. e6 $2 {[#]} (52. b5 Nf4 53. Ra6) 52... Rxb4 $2 (52... Rb8 $1 $19 {[%cal Rb8f8]} 53. Rxa7 Rxb4) 53. Rxg5 $11 {[%csl Gg4][%cal Rg5h5]} Rf4+ 54. Rf5 Rxg4 {...Rf4 is the strong threat.} 55. e7 Re4 56. Rf2 Kh7 57. Rh2+ (57. e8=Q {with more complications.} Rxe8) 57... Kg8 58. Kxg6 $2 {[%mdl 8192]} (58. e8=R+ $11 Rxe8 59. Rg2) 58... Rxe7 {KR-KR} 59. Ra2 $2 {[%mdl 8192]} (59. Rb2 $11 Rg7+ 60. Kf6) 59... Kf8 60. Kf6 Ke8 61. Rd2 $2 {[%mdl 8192]} (61. Ra5 $11) 61... Rh7 $2 {[%mdl 8192]} (61... a5 $11) 62. Ke6 $2 {[%mdl 8192]} (62. Ra2 $11) 62... Rh6+ $2 {[%mdl 8192]} (62... Re7+ $11 63. Kf5 Rh7) 63. Kd5 $2 {[%mdl 8192]} (63. Ke5 $11) 63... Kd7 64. Kc4+ $2 {[%mdl 8192]} (64. Ra2 $11) 64... Kc6 $2 {[%mdl 8192]} (64... Ke7 $11) 65. Kb3 $2 {[%mdl 8192]} (65. Kb4 $11) 65... Rh3+ $2 {[%mdl 8192]} (65... Kc5 $11) 66. Ka2 $2 {[%mdl 8192]} (66. Kb4 $11) 66... Kb5 $2 {[%mdl 8192]} (66... a5 $11) 67. Rb2+ $2 {[%mdl 8192]} (67. Kb2 $11) 67... Kc4 68. Rc2+ $2 {[%mdl 8192]} (68. Rb1 $11) 68... Kd3 $2 {[%mdl 8192]} (68... Kb4 $11) 69. Rb2 $2 {[%mdl 8192]} (69. Kb2 $11 Rh7 70. Rc3+ Ke2 71. Kb3) 69... Rh6 $2 {[%mdl 8192]} (69... Kd4 $11) 70. Ka1 $2 {[%mdl 8192]} (70. Rb7 $11) 70... Kc3 $2 {[%mdl 8192]} (70... a5 $11) 71. Rb7 $2 {[%mdl 8192]} (71. Ka2 $11) 71... Ra6+ 72. Kb1 Rb6+ {[%mdl 64] Double Attack. Accuracy: White = 41%, Black = 81%.} 0-1